00356nam a2200133Ia 4500003000400000008004100004040001600045082001600061100002100077245007200098260003000170300000800200650001400208GCL140319s9999 xx 000 0 eng d aGCL / cGCL04a620.11bs s1 aSCHAFFER, JAMESP10athe scince and designs of enginaring materials / cSCHAFFER, JAMESP a[S.N] : bIRWIN ، c1995 a84204aMATERIALS